00345nam a22001457a 450000500170000000800410001702000180005804100080007608200080008410000390009224500260013126000130015730000080017065000210017820260408153023.0160627b xxu||||| |||| 00| 0 eng d a81-7362-397-x aeng a261 aColson, Charles and Pearcey, Nancy aHow Now Shall we Live bOMc2002 a491 asocial theology,